000
00346 a2200169 4500
001
182725
020
_a
040
_c
Magnum
100
_a
Pynchon, Thomas
240
1
0
_a
Vineland
_l
por
245
1
0
_a
Vineland
300
_a
397
362
0
_a
1991
440
1
_a
Companhia das Letras
697
_a
LITERATURA GERAL ESTRANGEIRA
942
_c
BK
999
_c
182725
_d
182725